| 000 | 00552 a2200169 4500 | ||
|---|---|---|---|
| 020 | _a8177220780 | ||
| 082 | _a004.66 | ||
| 090 |
_c1719 _d1719 |
||
| 100 | _aWaters, Jason | ||
| 245 |
_aCCNA routing and switching _cJason Waters |
||
| 260 |
_aNew Delhi _bDreamtech Press _c2000 |
||
| 300 |
_axxxix, 387p.: _bill.; _c25 cm. |
||
| 500 | _aIncludes index | ||
| 650 |
_aElectronic data processing personal--certification, _xTelecommunication-switching systems-examinations-study guides |
||
| 700 | _aMatther J. Rees, Jeffrey T. Coe | ||
| 942 |
_cBK _k004.66 WAT |
||
| 999 |
_c5663 _d5663 |
||